|
|
|
|
| LEADER |
00993nam a2200289 a 4500 |
| 001 |
471 |
| 003 |
BD-DhAAL |
| 005 |
20150826174938.0 |
| 008 |
150826s1994 njua b 001 0 eng |
| 010 |
|
|
|a 93007757
|
| 020 |
|
|
|a 0131912712
|
| 020 |
|
|
|a 0137090994 (pbk.)
|
| 040 |
|
|
|a DLC
|c DLC
|d DLC
|d BD-DhAAL
|
| 050 |
0 |
0 |
|a PN145
|b .J37 1994
|
| 082 |
0 |
0 |
|a 808/.02
|2 20
|
| 100 |
1 |
|
|a Jason, Philip K.,
|d 1941-
|9 14183
|
| 245 |
1 |
0 |
|a Creative writer's handbook /
|c Philip K. Jason, Allan B. Lefcowitz.
|
| 260 |
|
|
|a Englewood Cliffs, NJ :
|b Prentice Hall,
|c c1990.
|
| 300 |
|
|
|a xii, 419 p. :
|b ill. ;
|c 24 cm.
|
| 504 |
|
|
|a Includes bibliographical references (p. 345-355) and index.
|
| 541 |
|
|
|e 471
|
| 650 |
|
0 |
|a Authorship.
|9 14184
|
| 650 |
|
0 |
|a Creative writing.
|9 14185
|
| 700 |
1 |
|
|a Lefcowitz, Allan B.
|9 14186
|
| 942 |
|
|
|2 ddc
|c BK
|
| 999 |
|
|
|c 35356
|d 35356
|
| 952 |
|
|
|0 0
|1 0
|2 ddc
|4 0
|6 808_020000000000000_JAS
|7 0
|9 55582
|a SCL
|b SCL
|c GEN
|d 2015-08-26
|l 0
|o 808.02 JAS
|p 3020000471
|r 2015-08-26
|t 1
|w 2015-08-26
|y BK
|